Countries which were Enemies of China in any War - Statistics

General Stats
  • This quiz has been taken 128 times
    70 since last reset
  • The average score is 17 of 28
Answer Stats
Country % Correct
Japan
96%
United Kingdom
96%
United States
91%
India
89%
France
87%
Taiwan
85%
Vietnam
85%
Canada
80%
South Korea
80%
Mongolia
78%
Australia
70%
Philippines
70%
Thailand
67%
Laos
65%
Cambodia
59%
New Zealand
59%
Bhutan
54%
Nepal
54%
Turkey
54%
Netherlands
52%
Portugal
50%
Belgium
41%
Greece
39%
South Africa
30%
Colombia
24%
Brunei
17%
Luxembourg
17%
Ethiopia
15%
No matching quizzes found
Score Distribution
Percent of People with Each Score
Percentile by Number Answered
Your Score History
You have not taken this quiz since the last reset